Dopasuj miasto do rzeki - Statystyki

Ogólne statystyki
  • Ten quiz został rozwiązany 144 razy
  • Średni wynik to 10 z 30
Statystyki odpowiedzi
Rzeka Miasto % Poprawnych
Wisła Warszawa
99%
Odra Wrocław
96%
Warta Poznań
94%
Wisłok Rzeszów
67%
Brda Bydgoszcz
64%
San Przemyśl
53%
Łyna Olsztyn
46%
Narew Łomża
43%
Drwęca Toruń
43%
Prosna Kalisz
39%
Bzura Łódź
39%
Poprad Nowy Sącz
33%
Gwda Piła
33%
Nysa Łużycka Zgorzelec
30%
Dunajec Tarnów
29%
Bóbr Jelenia Góra
23%
Nysa Kłodzka Nysa
23%
Bug Wyszków
20%
Pilica Tomaszów Mazowiecki
19%
Noteć Inowrocław
18%
Wisłoka Mielec
14%
Wda Świecie
11%
Nida Pińczów
9%
Wierzyca Starogard Gdański
9%
Pasłęka Braniewo
8%
Wieprz Lubartów
8%
Wkra Nowy Dwór Mazowiecki
7%
Rega Gryfice
6%
Biebrza Lipsk
3%
Drawa Złocieniec
3%
Nie znaleziono quizów pasujących do podanych kryteriów
Rozkład punktacji
Procent ludzi z każdym wynikiem
Percentyl według liczby udzielonych odpowiedzi
Twoja historia wyników
Nie rozwiązałeś tego quizu